000 03688cam a22005057a 4500
999 _c533743
_d533743
001 15738190
003 OSt
005 20200117105759.0
008 090513s2009 enkab b 001 0 eng d
010 _a 2009928606
015 _aGBA936971
_2bnb
016 7 _a015109723
_2Uk
020 _a9781848441071
020 _a184844107X
035 _a(OCoLC)ocn277196434
038 _aMSOHAIL
040 _aBTCTA
_cBTCTA
_dUKM
_dYDXCP
_dBWK
_dBWX
_dCDX
_dOCLCQ
_dSTF
_dUBY
_dHEBIS
_dNLGGC
_dDLC
042 _alccopycat
050 0 0 _aTP359.H8
_bI56 2009
082 0 4 _a333.794 POG
_222
084 _a83.65
_2bcl
100 _a Stefano Pogutz
_927706
245 0 0 _aInnovation, markets and sustainable energy :
_bthe challenge of hydrogen and fuel cells /
_cedited by Stefano Pogutz, Angeloantonio Russo, Paolo Migliavacca.
260 _aCheltenham, UK ;
_aNorthampton, MA :
_bEdward Elgar,
_cc2009.
300 _axxix, 237 p. :
_bill., map ;
_c24 cm.
504 _aIncludes bibliographical references and index.
505 0 _aThe role of hydrogen in our energy future / Giorgio Simbolotti -- Transition towards sustainable energy systems: the case of hydrogen and fuel cells / Marcello Contestabile -- Fuel cells as disruptive innovation: the power to change markets / Paul Harborne, Chris Hendry and James Brown -- Build-up of a hydrogen infrastructure / Martin Wietschel, Philipp Seydel and Michael Ball -- Networks dynamics, innovation and fuel cell technologies: shaping a new industry / Stefano Pogutz, Angeloantonio Russo and Paolo Migliavacca -- Rate and dimensions of the technological knowledge base underlying fuel cell innovations: evidence from patent data / Ludovic Dibiaggio and Maryam Nasiriyar -- Balancing exploration and exploitation across firm boundaries: intra- and interorganizational learning in the fuel cell industry / Clodia Vurro and Angeloantonio Russo / Financing fuel cell market development: exploring the role of expectation dynamics in venture capital investment / Rolf Wustenhagen ... [et al.] -- The introduction of fuel cell technologies in the automotive industry: state of the art and perspectives / Paul Nieuwenhuis -- Early markets for fuel cells: an assessment of their contribution to a future hydrogen economy / Paolo Agnolucci -- Market coordination and network effects: the case of the European hydrogen and fuel cell technology platform / Stian Nygaard and Annika Rickne -- The American hydrogen strategy: cooperation in public policy / Clovis Zapata -- Japan's fuel cell technology: policy and progress / Yuko Harayama, Philippe Larrue and Kuniaki Honda -- Hydrogen: origins and where to go from here? / Marieke Reijalt.
520 8 _aAdopting a cross-sectional and international perspective, this title analyses the implications of introducing fuel cell technologies into the industrial system and explores the complexity of market development for new technological solutions.
650 0 _aHydrogen as fuel.
_93377
650 0 _aFuel cells.
_927707
650 0 _aRenewable energy sources
_xEconomic aspects.
_927708
650 0 _aRenewable energy sources
_xTechnological innovations.
_927709
650 1 7 _aDuurzame energie.
_2gtt
_927710
650 1 7 _aWaterstof.
_2gtt
_927711
650 1 7 _aBrandstofcellen
_2gtt
_927712
650 0 7 _aWasserstoff.
_2swd
_927713
650 0 7 _aBrennstoffzelle.
_2swd
_927714
650 0 7 _aErneuerbare Energien.
_2swd
_927715
700 1 _aPogutz, Stefano.
_927716
700 1 _aRusso, Angelantonio.
_927717
700 1 _aMigliavacca, Paolo.
_927718
906 _a7
_bcbc
_ccopycat
_d2
_encip
_f20
_gy-gencatlg
942 _2ddc
_cBK